[Event "Challenge"]
[Site "http://www.queenalice.com/game.php?id=342009"]
[Date "2008.1.24"]
[Round "-"]
[White "maizinha"]
[Black "gilsinho22"]
[Result "0-1"]
[WhiteElo "1367"]
[BlackElo "1508"]

1. e4 e5 2. Nf3 Nc6 3. Bc4 Nf6 4. c3 Nxe4 5. O-O d5 6. Bb5 a6 7. Bd3 Bf5 8. Ng5
Nxf2 9. Kxf2 Bxd3 10. Rg1 Qxg5 11. g3 d4 12. h4 Qf6+ 13. Qf3 e4 14. Qxf6 gxf6
15. cxd4 Nxd4 0-1

[Event "Challenge"]
[Site "http://www.queenalice.com/game.php?id=343573"]
[Date "2008.1.27"]
[Round "-"]
[White "Mike36bh"]
[Black "maizinha"]
[Result "1-0"]
[WhiteElo "1747"]
[BlackElo "1357"]

1. d4 e6 2. e4 d6 3. Nc3 Nc6 4. Bb5 a6 5. Bxc6+ bxc6 6. Nf3 Nf6 7. Bg5 h6 8.
Bxf6 gxf6 9. O-O a5 10. d5 cxd5 11. exd5 Ba6 12. Re1 h5 13. dxe6 Be7 14. exf7+
Kxf7 15. Qd5+ Ke8 16. Ne4 Rf8 17. Rad1 f5 18. Neg5 Rb8 19. Ne6 Bb7 20. Qb5+ 1-0

[Event "a volta de quem não foi!!!"]
[Site "http://www.queenalice.com/game.php?id=419969"]
[Date "2008.6.19"]
[Round "-"]
[White "maizinha"]
[Black "gilsinho22"]
[Result "1-0"]
[WhiteElo "1351"]
[BlackElo "1590"]

1. e4 e5 2. Nf3 Bc5 3. d4 Be7 4. dxe5 Nc6 5. Bf4 d6 6. exd6 Bxd6 7. g3 Nb4 8. c3
Nc6 9. e5 Nxe5 10. Bxe5 Bxe5 11. Qxd8+ Kxd8 12. Nxe5 Be6 13. Nxf7+ Bxf7 14. Na3
Nf6 15. Rd1+ Bd5 16. Rg1 Re8+ 17. Be2 Ke7 18. Bb5 c6 19. Bd3 Bf3 20. Rd2 Kf8+
21. Re2 Bxe2 22. Bxe2 Ng4 23. Rg2 b5 24. Nc2 a5 25. f3 Ne3 26. Nxe3 Rxe3 27. Kf2
Rae8 28. g4 Rxe2+ 29. Kg3 Rxg2+ 30. Kxg2 Re2+ 31. Kg3 Rxb2 32. f4 Rxa2 33. f5
Ra3 34. g5 Rxc3+ 35. Kg4 a4 36. h4 a3 37. g6 Rc4+ 38. Kg5 Rc1 39. gxh7 Rg1+ 40.
Kh5 g6+ 41. Kh6 gxf5 42. h8=Q+ Kf7 43. Qa8 b4 44. Qa7+ Ke6 45. Qxg1 b3 46. Qe3+
Kd6 47. Qxb3 f4 48. Qxa3+ c5 49. Qf3 Ke5 50. Kg5 c4 51. Qxf4+ Kd5 52. h5 c3 53.
h6 Kc5 54. h7 c2 55. h8=Q c1=Q 56. Qxc1+ Kb4 57. Qb8+ Ka5 58. Qa1# 1-0

[Event "bh x santo antão!"]
[Site "http://www.queenalice.com/game.php?id=428233"]
[Date "2008.7.6"]
[Round "-"]
[White "maizinha"]
[Black "Mike36bh"]
[Result "0-1"]
[WhiteElo "1355"]
[BlackElo "1763"]

1. e4 e5 2. Nf3 d6 3. c4 Nf6 4. h3 Nxe4 5. d3 Nc5 6. b4 Ne6 7. d4 Nxd4 8. Nxd4
exd4 9. Qxd4 Nc6 10. Qe4+ Be6 11. Bd3 Be7 12. O-O Nxb4 13. a3 d5 14. Qd4 Bf6 15.
Qe3 Bxa1 16. cxd5 Nxd5 17. Qd4 Bxd4 18. Be4 c6 19. Rd1 c5 20. a4 Rc8 21. Bxd5
Bxd5 22. Rxd4 cxd4 23. Nd2 Rxc1+ 24. Kh2 Qd6+ 25. g3 Rh1# 0-1

[Event "Challenge"]
[Site "http://www.queenalice.com/game.php?id=486439"]
[Date "2008.11.1"]
[Round "-"]
[White "Mike36bh"]
[Black "maizinha"]
[Result "1-0"]
[WhiteElo "1798"]
[BlackElo "1353"]

1. d4 d5 2. Nc3 Nc6 3. Bf4 Bf5 4. Nb5 e6 5. Nxc7+ Ke7 6. Nxa8 Qxa8 7. c3 Ke8 8.
e3 g6 9. Bb5 h6 10. h3 f6 11. Nf3 Be4 12. c4 dxc4 13. Bxc4 Qc8 14. O-O g5 15.
Bh2 Nge7 16. Bd3 Bxd3 17. Qxd3 Nf5 18. Rac1 Qd7 19. e4 Nfxd4 20. Nxd4 Nxd4 21.
Qd1 Bd6 22. Bxd6 Qxd6 23. Rc8+ Kd7 24. Rxh8 f5 25. Qa4+ Qc6 26. Qxd4+ Qd6 27.
Qa4+ Ke7 28. exf5 b5 29. Qxa7+ Kf6 30. fxe6 Qxe6 31. Rxh6+ Kf5 32. Rxe6 Kxe6 33.
Re1+ Kf5 34. g4+ Kf4 35. Qe3# 1-0

[Event "Challenge"]
[Site "http://www.queenalice.com/game.php?id=496036"]
[Date "2008.11.20"]
[Round "-"]
[White "nekaun"]
[Black "maizinha"]
[Result "0-1"]
[WhiteElo "1430"]
[BlackElo "1377"]

1. e4 Nc6 2. Qf3 e5 3. Bc4 Qe7 4. d4 Nxd4 5. Qh3 Nxc2+ 6. Ke2 Nxa1 7. Nf3 d5 8.
Qg3 dxc4 9. Bg5 f6 10. Be3 Bf5 11. exf5 e4 12. Nd4 c5 13. Ne6 Nc2 14. Bxc5 Qxc5
15. Rd1 Qxf5 16. Nxg7+ Bxg7 17. Rd2 Nb4 18. Qd6 Bf8 19. Qd4 Bc5 20. Qd7+ Qxd7
21. Rxd7 Kxd7 22. f3 exf3+ 23. gxf3 Re8+ 24. Kf1 Nxa2 25. Nd2 Bb4 26. Nxc4 Nh6
27. h3 Rhg8 28. f4 Re4 29. Kf2 Rxc4 30. Ke3 Re8+ 31. Kd3 Rxf4 32. Kc2 Re2+ 33.
Kb3 Nc1+ 34. Ka4 Rxb2 35. Kb5 Ra2 36. h4 Ra5# 0-1

[Event "Challenge"]
[Site "http://www.queenalice.com/game.php?id=526850"]
[Date "2009.1.21"]
[Round "-"]
[White "gilsinho22"]
[Black "maizinha"]
[Result "1-0"]
[WhiteElo "1622"]
[BlackElo "1390"]

1. e4 d5 2. d3 e5 3. exd5 Qxd5 4. Nc3 Qd8 5. Qe2 f6 6. Qe4 g6 7. Qc4 Qe7 8. Nd5
Qd8 9. Nxc7+ Ke7 10. Nxa8 Na6 11. b4 Be6 12. Qe4 Qxa8 13. Ne2 f5 14. Qh4+ Nf6
15. Bg5 Bg7 16. f4 Kf7 17. fxe5 Nd5 18. Nf4 Bxe5 19. Nxd5 Bxd5 20. Rd1 Bxa2 21.
d4 Bd6 22. Bf6 Bxb4+ 23. Kf2 Re8 24. Ra1 Bd5 25. Bxa6 bxa6 26. Rxa6 h5 27. Rha1
Bc4 28. Rxa7+ Qxa7 29. Rxa7+ Kf8 30. Be5 Be7 31. Qh3 Be6 32. Ra6 Kf7 33. Qc3 Bc8
34. Qc4+ Kf8 35. Rxg6 Bh4+ 36. g3 Be6 37. Rxe6 Rxe6 38. Qxe6 Be7 39. Bd6 Bxd6
40. Qxd6+ 1-0

[Event "sei que vou perder!!!"]
[Site "http://www.queenalice.com/game.php?id=550026"]
[Date "2009.3.4"]
[Round "-"]
[White "Mike36bh"]
[Black "maizinha"]
[Result "1-0"]
[WhiteElo "1809"]
[BlackElo "1383"]

1. d4 d6 2. e4 Nf6 3. Nc3 g6 4. h3 Nc6 5. a3 h5 6. Nf3 Bd7 7. Bc4 Na5 8. Ba2 Nc6
9. Ng5 e6 10. O-O Nh7 11. Nxh7 Rxh7 12. d5 exd5 13. exd5 Ne5 14. Re1 f6 15. Ne4
Bh6 16. f4 Nf7 17. Nxf6+ Kf8 18. Nxh7+ Kg7 19. Ng5 Nxg5 20. Qd4+ Kf7 21. fxg5
Bg7 22. Rf1+ Kg8 23. Qf4 Bf5 24. c3 b5 25. Bb1 Be5 26. Qf2 Qf8 27. Bxf5 gxf5 28.
Qxf5 Qxf5 29. Rxf5 Bg3 30. Be3 Kg7 31. Raf1 Be5 32. Rf7+ Kg8 33. Rxc7 Bg7 34.
Rff7 Bf8 35. g6 Re8 36. Kf2 Re7 37. Rfxe7 Kh8 38. g7+ Kg8 39. gxf8=Q+ Kxf8 40.
Bh6+ Kg8 41. Re8# 1-0

[Event "Challenge"]
[Site "http://www.queenalice.com/game.php?id=575227"]
[Date "2009.4.21"]
[Round "-"]
[White "maizinha"]
[Black "gilsinho22"]
[Result "1-0"]
[WhiteElo "1381"]
[BlackElo "1660"]

1. e4 e5 2. f4 exf4 3. Nf3 Nf6 4. d4 Nxe4 5. Bd3 Qe7 6. Bxf4 Nc3+ 7. Be2 Nxd1 8.
Kxd1 Qb4 9. b3 Bd6 10. Bd2 Qb6 11. a4 c5 12. d5 Na6 13. a5 Qd8 14. Nc3 Qf6 15.
h4 b6 16. Ra4 Nc7 17. Re4+ Kf8 18. h5 g6 19. Kc1 bxa5 20. Kb2 Nb5 21. Ra4 Nxc3
22. Bxc3 Qe7 23. Re1 Rg8 24. Bd3 Qd8 25. Rae4 Qb6 26. Re8# 1-0

[Event "Challenge"]
[Site "http://www.queenalice.com/game.php?id=588240"]
[Date "2009.5.14"]
[Round "-"]
[White "maizinha"]
[Black "Laurea"]
[Result "1-0"]
[WhiteElo "1438"]
[BlackElo "1515"]

1. e4 e5 2. Nc3 Nf6 3. Bc4 Bc5 4. Nf3 d6 5. d4 exd4 6. Nxd4 Nc6 7. Nxc6 bxc6 8.
O-O h6 9. Be3 Bb6 10. Bxb6 cxb6 11. Qd4 c5 12. Qd2 O-O 13. f3 Re8 14. Kh1 Qd7
15. Rad1 Rd8 16. Bb5 Qe6 17. b3 a6 18. Bc6 Ra7 19. Rfe1 Rc7 20. Bd5 Qe5 21. f4
Qh5 22. h3 Bb7 23. Bxb7 Rxb7 24. f5 g6 25. fxg6 fxg6 26. Qf4 Rf8 27. Rxd6 Nd7
28. Qe3 Ne5 29. Na4 Ng4 30. Qe2 Qe5 31. Rxg6+ Kh7 32. Rxg4 Rbf7 33. Nxb6 Rf2 34.
Qd1 R8f4 35. Qd7+ Rf7 36. Nc4 1-0

[Event "mais uma!!"]
[Site "http://www.queenalice.com/game.php?id=597111"]
[Date "2009.6.2"]
[Round "-"]
[White "Mike36bh"]
[Black "maizinha"]
[Result "0-1"]
[WhiteElo "1880"]
[BlackElo "1408"]

1. d4 d5 2. Nc3 Nc6 3. Bf4 Nf6 4. Nb5 e5 5. dxe5 Ne4 6. e6 Bb4+ 7. c3 Ba5 8.
exf7+ Kxf7 9. e3 a6 10. Nd4 Nxd4 11. exd4 Qf6 12. f3 Nxc3 13. Qc2 Ne4+ 14. Ke2
Qxf4 15. g3 Qd2+ 16. Qxd2 Nxd2 17. b3 Bf5 18. a3 Nxb3 19. Re1 Rhe8+ 20. Kf2
Bxe1+ 21. Kg2 Nxd4 22. g4 Bd7 23. Bd3 Re3 24. Bxh7 Rh8 25. Bb1 Rxa3 26. Nh3 Nxf3
27. Rf1 Bxg4 28. Ng5+ Kf8 29. Nxf3 Bh3+ 30. Kh1 Bxf1 31. Nxe1 c5 32. Bf5 b5 33.
Kg1 Bc4 34. h3 b4 35. Nc2 Rf3 36. Kg2 Rxf5 0-1

[Event "Challenge"]
[Site "http://www.queenalice.com/game.php?id=609554"]
[Date "2009.6.27"]
[Round "-"]
[White "gilsinho22"]
[Black "maizinha"]
[Result "0-1"]
[WhiteElo "1638"]
[BlackElo "1457"]

1. e4 e5 2. Nc3 Nc6 3. Bc4 Nf6 4. Nf3 d6 5. Ng5 Bg4 6. Ne2 d5 7. f3 dxc4 8. fxg4
h6 9. Nf3 Nxe4 10. c3 Bc5 11. d4 cxd3 12. Ned4 exd4 13. Qxd3 Qd5 14. c4 Qe6 15.
Qe2 O-O 16. Nd2 Bb4 17. a3 d3 18. Qxd3 Rad8 19. Qe3 Bxd2+ 20. Bxd2 Rxd2 21. Rd1
Rxb2 22. h3 Qxc4 23. Rc1 Qa4 24. O-O Rd8 25. Rf4 Rd1+ 26. Rf1 Rdd2 27. Rcd1 Rxd1
28. Rxd1 Qxd1+ 29. Kh2 Nf2 30. Qe8+ Kh7 31. Qxf7 Qh1+ 32. Kg3 Ne4+ 33. Kh4 Qxg2
34. Qf5+ g6 35. Qf7+ Kh8 36. Qxc7 Rb5 37. g5 Qxg5# 0-1

[Event "Challenge"]
[Site "http://www.queenalice.com/game.php?id=667991"]
[Date "2009.10.16"]
[Round "-"]
[White "maizinha"]
[Black "gilsinho22"]
[Result "1/2-1/2"]
[WhiteElo "1510"]
[BlackElo "1640"]

1. d4 d5 2. c4 dxc4 3. Nf3 c5 4. Qa4+ Qd7 5. Qxc4 cxd4 6. Nxd4 Nf6 7. Nc3 a6 8.
Bf4 b5 9. Qc5 e6 10. Qb6 Bb4 11. Bxb8 Qb7 12. Bc7 Nd5 13. Qxb7 Bxb7 14. Be5 Nxc3
15. a3 f6 16. Bg3 Rd8 17. Nxe6 Ne4+ 18. axb4 Rd7 19. Nc7+ Kf7 20. Nxa6 Bxa6 21.
Rxa6 Rhd8 22. e3 Rd2 23. Bxb5 Rd1+ 24. Ke2 Rxh1 25. Bc7 Rd2+ 26. Kf3 Nxf2 27.
Bc4+ Ke7 28. b3 Rxh2 29. Re6+ Kd7 30. Bxh2 h5 31. Rd6+ Rxd6 32. Bb5+ Rc6 33.
Bxc6+ Kxc6 34. Kxf2 Kb5 35. Bd6 f5 36. Ke2 g5 37. Kd3 g4 38. e4 fxe4+ 39. Kxe4
h4 40. Be7 h3 41. gxh3 gxh3 42. Bd6 Kc6 43. Be5 Kb5 44. Bd6 h2 45. Bxh2 Kxb4 46.
Be5 Kxb3 47. Kf4 Kc4 1/2-1/2

[Event "Challenge"]
[Site "http://www.queenalice.com/game.php?id=671095"]
[Date "2009.10.22"]
[Round "-"]
[White "maizinha"]
[Black "rubensar"]
[Result "0-1"]
[WhiteElo "1480"]
[BlackElo "1863"]

1. e4 e5 2. Nf3 d6 3. d4 exd4 4. Qxd4 Nf6 5. Nc3 Be7 6. Bc4 O-O 7. O-O h6 8. Bf4
Bg4 9. e5 Nc6 10. Qd3 Nb4 11. Qg6 Bh5 12. Qf5 Bg6 13. Qxg6 d5 14. Qg3 Nh5 15.
Qg4 Nxf4 16. Nd4 dxc4 17. Qxf4 Bg5 18. Qe4 Rb8 19. a3 Na6 20. Ndb5 c6 21. Nxa7
Qb6 22. h4 Be7 23. Qe3 Bc5 24. Qf4 Qxa7 25. Qxc4 Bd4 26. Rae1 Bxc3 27. Qxc3 Nc7
28. Rd1 Nd5 29. Qb3 Qb6 30. Qxb6 Nxb6 31. Rd6 Nc4 32. Rd4 Nxe5 33. a4 Rfd8 34.
Rfd1 Rxd4 35. Rxd4 Kf8 36. a5 Ke7 37. Kf1 Rd8 38. c3 Rxd4 39. cxd4 Nc4 40. b4
Nd2+ 41. Ke2 Ne4 42. Ke3 Nf6 43. Kd3 Nd5 44. Kc4 Kd7 45. b5 Kc7 46. bxc6 Kxc6
47. g4 g6 48. f3 f5 49. h5 fxg4 50. fxg4 g5 51. Kd3 Nf6 52. Kc4 Nxg4 53. d5+ Kd6
54. Kd4 Nf6 55. Kc4 Nxd5 56. Kd4 Nb4 57. Kc4 Nc6 58. Kb5 g4 59. Kb6 g3 60. Kb5
Kd5 61. Kb6 g2 62. Kb5 g1=R 63. Kb6 Rb1+ 64. Kc7 Nxa5 65. Kc8 b5 66. Kd7 b4 67.
Ke7 b3 68. Kf6 b2 69. Kf5 Rf1+ 70. Kg6 b1=Q+ 71. Kxh6 Qb6+ 72. Kh7 Rf7+ 73. Kg8
Ra7 74. h6 Qd8# 0-1

[Event "Challenge"]
[Site "http://www.queenalice.com/game.php?id=687032"]
[Date "2009.11.22"]
[Round "-"]
[White "Mike36bh"]
[Black "maizinha"]
[Result "1-0"]
[WhiteElo "1808"]
[BlackElo "1514"]

1. d4 d5 2. Nc3 Nc6 3. Bf4 Nf6 4. Nb5 e5 5. dxe5 Ne4 6. e6 Bb4+ 7. c3 Ba5 8.
exf7+ Kxf7 9. e3 a6 10. Nd4 Nxd4 11. exd4 Qf6 12. Be3 Bd7 13. Bd3 Rae8 14. Bxe4
Rxe4 15. Qd2 Kg8 16. Nf3 g5 17. O-O Bb5 18. Bxg5 Re2 19. Bxf6 Rxd2 20. Rfe1 Re2
21. Bxh8 Rxe1+ 22. Rxe1 Kxh8 23. Ne5 Kg7 24. Re3 h5 25. b3 Be8 26. c4 Bd2 27.
Rg3+ Kf6 28. cxd5 h4 29. Rf3+ Kg5 30. h3 Bh5 31. Rd3 Kf5 32. Rxd2 Kf4 33. Nd7
Ke4 34. Nf6+ Kf5 35. Nxh5 c6 36. dxc6 bxc6 37. d5 cxd5 38. Rxd5+ Ke6 39. Ra5 Kf7
40. Rxa6 Ke7 41. b4 Kd7 42. b5 Kc7 43. Rh6 Kb7 44. b6 Ka6 45. Nf4 Ka5 46. b7 Kb4
47. b8=Q+ Kc3 48. Rd6 Kc4 49. Qb3+ Kc5 50. Qd5+ Kb4 51. Rc6 Ka3 52. Qb3# 1-0

[Event "Challenge"]
[Site "http://www.queenalice.com/game.php?id=687034"]
[Date "2009.11.22"]
[Round "-"]
[White "maizinha"]
[Black "Mike36bh"]
[Result "1-0"]
[WhiteElo "1484"]
[BlackElo "1838"]

1. e4 e5 2. Nc3 a6 3. Nf3 d6 4. Bc4 h6 5. d4 exd4 6. Nxd4 c5 7. Nf5 Bxf5 8. exf5
Nf6 9. O-O Be7 10. Re1 Qc8 11. Qxd6 Qd7 12. Qxc5 Nc6 13. Bf4 O-O 14. Qb6 Qxf5
15. Qxb7 Qc5 16. Bxa6 Ra7 17. Be3 Rxb7 18. Bxc5 Rc7 19. Bb6 Rd7 20. Bc4 Bb4 21.
a3 Bxc3 22. bxc3 Rb7 23. Bc5 Rc7 24. Bxf8 Kxf8 25. a4 Na5 26. Bd3 Rxc3 27. Re5
Nc6 28. Rb5 Nd4 29. Rb8+ Ke7 30. Re1+ Ne6 31. a5 Rc7 32. a6 Nd7 33. Rb7 Rc8 34.
a7 Ra8 35. c4 Kd8 36. Bf5 Ndc5 37. Rxf7 Nc7 38. Rd1+ 1-0

[Event "Challenge"]
[Site "http://www.queenalice.com/game.php?id=700650"]
[Date "2009.12.20"]
[Round "-"]
[White "Mike36bh"]
[Black "maizinha"]
[Result "1-0"]
[WhiteElo "1816"]
[BlackElo "1515"]

1. d4 Nf6 2. d5 Ne4 3. Nf3 d6 4. h3 Bf5 5. e3 Nd7 6. Bd3 Ndf6 7. Bxe4 Nxe4 8.
Nfd2 Nf6 9. Nc3 e5 10. e4 Bd7 11. Nf3 Be7 12. Be3 O-O 13. g4 a6 14. g5 Ne8 15.
h4 Kh8 16. Qe2 Bg4 17. Rg1 Bxf3 18. Qxf3 Qd7 19. Ne2 Qa4 20. b3 Qb4+ 21. Bd2 Qc5
22. c4 f6 23. g6 f5 24. exf5 Bxh4 25. Rh1 e4 26. Qf4 Bf6 27. Rxh7+ Kg8 28. Qh2
Bxa1 29. Rh8# 1-0

[Event "Challenge"]
[Site "http://www.queenalice.com/game.php?id=700651"]
[Date "2009.12.20"]
[Round "-"]
[White "maizinha"]
[Black "Mike36bh"]
[Result "0-1"]
[WhiteElo "1511"]
[BlackElo "1820"]

1. e4 e5 2. Nf3 d6 3. d4 exd4 4. Qxd4 Nc6 5. Bb5 Bd7 6. Bxc6 Bxc6 7. O-O Be7 8.
Qxg7 Bf6 9. Qg4 h5 10. Qf5 Nh6 11. Qxh5 Bxe4 12. Bxh6 Bxb2 13. Qb5+ c6 14. Qxb2
Rxh6 15. Qxb7 Bxf3 16. Re1+ Kf8 17. gxf3 Rg6+ 18. Kh1 c5 19. Nc3 Kg7 20. Ne4 a5
21. Rab1 c4 22. Qd5 Rc8 23. Rg1 Rxg1+ 24. Rxg1+ Kf8 25. Nxd6 Rc7 26. a4 Rd7 27.
Rd1 Qf6 28. Qc6 Re7 29. Qa8+ Kg7 30. Ne8+ Rxe8 31. Qxe8 Qxf3+ 32. Kg1 Qxd1+ 33.
Kg2 Qxc2 34. Qe5+ f6 35. Qxa5 c3 36. Qc5 Qg6+ 37. Kf3 c2 38. Qe3 Qf5+ 39. Qf4
Qxf4+ 40. Kxf4 c1=Q+ 41. Ke4 Qc4+ 42. Kf3 Qxa4 43. h3 f5 44. Ke2 f4 45. h4 Qe4+
46. Kd2 f3 47. h5 Qe2+ 48. Kc3 Qxf2 49. Kc4 Qe3 50. Kd5 f2 51. Kc6 f1=Q 52. Kd6
Qfd3+ 53. Kc7 Qc5+ 54. Kb7 Qdb5+ 55. Ka8 Qa3# 0-1

[Event "Challenge"]
[Site "http://www.queenalice.com/game.php?id=708004"]
[Date "2010.1.3"]
[Round "-"]
[White "gilsinho22"]
[Black "maizinha"]
[Result "1-0"]
[WhiteElo "1625"]
[BlackElo "1492"]

1. d4 f5 2. d5 Nf6 3. c4 Ne4 4. f3 Nd6 5. c5 Nc4 6. Qc2 Ne5 7. Qxf5 d6 8. Qe4
Nbd7 9. c6 Nf6 10. Qa4 Nxd5 11. cxb7+ Bd7 12. Qb3 Nxf3+ 13. Qxf3 Rb8 14. Qxd5 e6
15. Qb3 Qf6 16. Nf3 c5 17. Bg5 Qf5 18. Nbd2 Be7 19. Bxe7 Kxe7 20. Qc3 Rxb7 21.
Qxg7+ Qf7 22. Qxh8 Bc6 23. Ng5 Qg6 24. Qxh7+ Qxh7 25. Nxh7 Rxb2 26. Nc4 Rc2 27.
e3 Bxg2 28. Bxg2 Rxg2 29. a4 a6 30. e4 Rc2 31. Nd2 Rb2 32. Ng5 Kf6 33. Ngf3 Rb4
34. h4 a5 35. h5 Kf7 36. Ng5+ Kf6 37. Rg1 Ke5 38. h6 Kf6 39. h7 Kg7 40. Ndf3 Rb2
41. Rh1 e5 42. h8=Q+ Kg6 43. Qh6# 1-0

[Event "Challenge"]
[Site "http://www.queenalice.com/game.php?id=709877"]
[Date "2010.1.7"]
[Round "-"]
[White "maizinha"]
[Black "Martial"]
[Result "0-1"]
[WhiteElo "1507"]
[BlackElo "1538"]

1. e4 e5 2. Nf3 Nc6 3. d4 Bd6 4. Bg5 Nf6 5. Bxf6 Qxf6 6. Nxe5 Nxe5 7. dxe5 Qxe5
8. Nc3 O-O 9. Bc4 Bb4 10. Qf3 c6 11. O-O-O Bxc3 12. Qxc3 Qf4+ 13. Qe3 Qe5 14. f4
Qa5 15. Qa3 Qh5 16. Kb1 Re8 17. e5 Qg6 18. g3 a6 19. h3 b5 20. Rd6 Qe4 21. Bxf7+
Kxf7 22. Rhd1 a5 23. Qb3+ Qc4 24. Qxc4+ bxc4 25. Kc1 Rb8 26. R1d4 c3 27. Rxd7+
Bxd7 28. Rxd7+ Re7 29. Rxe7+ Kxe7 30. b3 c5 31. a4 Ke6 32. g4 Rf8 33. h4 Rxf4
34. h5 Rf1# 0-1